MARC
| LEADER | 00000 a a2200000 04500 | ||
|---|---|---|---|
| 001 | 23500 | ||
| 003 | |||
| 040 | |||
| 090 | |a 163200 | ||
| 110 | |a UNESCO | ||
| 245 | |a Final report of the Regional Seminar of the Applicability of socio economic indicators for analysis and planning in Africa / |c UNESCO | ||
| 260 | |a Paris: |b UNESCO | ||
| 300 | |a 187 p | ||
| 710 | |a Division of Socio Economic Analysis | ||
| 999 | |c 8547 |d 8547 | ||
